00599nam a2200157Ia 4500008004100000100002700041245009900068245002700167260005300194260001800247300000800265650001500273856006100288999001900349952007300368170221s9999 xx 000 0 und d aDesislava I. Yordanova aDifferences Between Bulgarian Family and Non-family Businesses: A Multivariate Logit Approach  cDesislava I. Yordanova bInternational Review of Management and Marketing cFebruary 2015 a4:1 xMarketing. uhttp://www.econjournals.com/index.php/irmm/issue/view/88 c310089d310089 001040aCLbCLd2017-02-21l0r2017-02-21 00:00:00w2017-02-21yFOJ